Účinnosť vybraného finančného procesu na riadenie výkonnosti podniku

Efektívne riadenie procesov financovania významne vplýva na výkonnosť podniku. Zaistenie dlhodobého úžitku podniku a posilňovanie jeho pozície na trhu. Hlavné faktory, ktoré ovplyvňujú konkurencieschopnosť podniku.

Saved in:
Bibliographic Details
Main Author: Kubranová, Magdaléna, 1956-
Format: Book Chapter
Language:Slovak
Subjects:
Tags: Add Tag
No Tags, Be the first to tag this record!

MARC

LEADER 00000naa$a2200000$$$4500
001 0194639
005 20240502073247.8
041 0 |a slo 
044 |a SK 
245 1 0 |a Účinnosť vybraného finančného procesu na riadenie výkonnosti podniku  |c Magdaléna Kubranová 
520 |a Efektívne riadenie procesov financovania významne vplýva na výkonnosť podniku. Zaistenie dlhodobého úžitku podniku a posilňovanie jeho pozície na trhu. Hlavné faktory, ktoré ovplyvňujú konkurencieschopnosť podniku. 
610 2 0 |a hospodárstvo podniku finančné 
610 2 0 |a cash flow 
610 2 0 |a manažment finančný 
610 2 0 |a procesy podnikové 
610 2 0 |a výkony podnikové 
610 2 0 |a konkurencieschopnosť 
100 1 |a Kubranová, Magdaléna, 1956-